000
00330nam a22001337a 4500
008
170727b xxu||||| |||| 00| 0 eng d
020
_a
0387962395
041
_a
eng
080
_a
004
100
_a
31
101
_a
SHK
245
_a
DIFFERENTIAL AND DIFFERENCE EQUATIONS THROUGH COMPUTER EXPERIMENTS
_c
KOCAK,H
942
_2
udc
_c
BK
999
_c
22063
_d
22063